[Event "BCF-chT2d 1213 (4NCL) Demotion pool"]
[Site "England"]
[Date "2013.05.04"]
[Round "9.76"]
[White "Bellin, Jana"]
[Black "Mort, Andrew J"]
[Result "1-0"]
[WhiteElo "2128"]
[BlackElo "2021"]
[PlyCount "51"]
[EventDate "2012.11.03"]
[EventType "team-tourn"]
[EventRounds "4"]
[EventCountry "ENG"]
[SourceTitle "EXT 2014"]
[Source "ChessBase"]
[SourceDate "2013.11.20"]
[SourceVersion "1"]
[SourceVersionDate "2013.11.20"]
[SourceQuality "1"]
[WhiteTeam "The ADS"]
[BlackTeam "Spirit of Atticus"]
[WhiteTeamCountry "ENG"]
[BlackTeamCountry "ENG"]

1. d4 d5 2. Nf3 e6 3. c4 c5 4. cxd5 exd5 5. Nc3 Nc6 6. g3 c4 7. Bg2 Bb4 8. 0-0 Nge7 9. e4 dxe4 10. Nxe4 Bf5 11. Nc3 Bd3 12. Re1 0-0 13. a3 Ba5 14. Bg5 f6 15. Be3 Nd5 16. Rc1 Rb8 17. Nxd5 Qxd5 18. b4 Bb6 19. Ne5 Qb5 20. Nd7 Rbd8 21. Nxf8 Kxf8 22. d5 Bxe3 23. Rxe3 Ne7 24. Qh5 Nxd5 25. Rxd3 cxd3 26. Rc5 1-0

[Event "BCF-chT2d 1213 (4NCL) Demotion pool"]
[Site "England"]
[Date "2013.03.24"]
[Round "8.76"]
[White "Mort, Andrew J"]
[Black "Farrand, Julian"]
[Result "1/2-1/2"]
[WhiteElo "2021"]
[BlackElo "2081"]
[PlyCount "37"]
[EventDate "2012.11.03"]
[EventType "team-tourn"]
[EventRounds "4"]
[EventCountry "ENG"]
[SourceTitle "EXT 2014"]
[Source "ChessBase"]
[SourceDate "2013.11.20"]
[SourceVersion "1"]
[SourceVersionDate "2013.11.20"]
[SourceQuality "1"]
[WhiteTeam "Spirit of Atticus"]
[BlackTeam "Barbican Youth"]
[WhiteTeamCountry "ENG"]
[BlackTeamCountry "ENG"]

1. c4 d6 2. g3 e5 3. Bg2 f5 4. Nc3 Nf6 5. e3 g6 6. Nge2 Bg7 7. 0-0 0-0 8. d4 Nbd7 9. b3 a6 10. Qd2 Rb8 11. Bb2 Qe8 12. Rad1 g5 13. Ba3 Rf7 14. Nd5 Nf8 15. Nxf6+ Bxf6 16. Nc3 Be6 17. Qc2 Ng6 18. Nd5 Bg7 19. f4 1/2-1/2

[Event "BCF-chT2a 1213 (4NCL)"]
[Site "England"]
[Date "2013.03.23"]
[Round "7.46"]
[White "McCorry, Robert T"]
[Black "Mort, Andrew J"]
[Result "1/2-1/2"]
[WhiteElo "2076"]
[BlackElo "2021"]
[PlyCount "58"]
[EventDate "2012.11.03"]
[EventType "team-tourn"]
[EventRounds "7"]
[EventCountry "ENG"]
[SourceTitle "EXT 2014"]
[Source "ChessBase"]
[SourceDate "2013.11.20"]
[SourceVersion "1"]
[SourceVersionDate "2013.11.20"]
[SourceQuality "1"]
[WhiteTeam "Poisoned Pawns"]
[BlackTeam "Spirit of Atticus"]
[WhiteTeamCountry "ENG"]
[BlackTeamCountry "ENG"]

1. e4 c6 2. d4 d5 3. Nd2 dxe4 4. Nxe4 Nf6 5. Nxf6+ gxf6 6. c3 Qd5 7. Be3 Rg8 8. Ne2 Bg4 9. Qd2 e5 10. Ng3 Nd7 11. f3 Be6 12. Ne4 exd4 13. Bxd4 0-0-0 14. c4 Qh5 15. 0-0-0 Bh6 16. Nd6+ Kc7 17. Be3 Bxe3 18. Qxe3 Qa5 19. Qf4 Qe5 20. g3 Nc5 21. Ne4 Qxf4+ 22. gxf4 Rxd1+ 23. Kxd1 Nxe4 24. fxe4 Rg4 25. f5 Bd7 26. Bd3 c5 27. Re1 Kd6 28. Kd2 Bc6 29. Re3 Rg2+ 1/2-1/2

[Event "BCF-chT2a 1213 (4NCL)"]
[Site "England"]
[Date "2013.02.24"]
[Round "6.36"]
[White "Mort, Andrew J"]
[Black "Smith, Olivia"]
[Result "1-0"]
[WhiteElo "2021"]
[BlackElo "2011"]
[PlyCount "76"]
[EventDate "2012.11.03"]
[EventType "team-tourn"]
[EventRounds "7"]
[EventCountry "ENG"]
[SourceTitle "EXT 2014"]
[Source "ChessBase"]
[SourceDate "2013.11.20"]
[SourceVersion "1"]
[SourceVersionDate "2013.11.20"]
[SourceQuality "1"]
[WhiteTeam "Spirit of Atticus"]
[BlackTeam "Rhyfelwyr Essyllwg"]
[WhiteTeamCountry "ENG"]
[BlackTeamCountry "ENG"]

1. c4 Nf6 2. g3 e5 3. Bg2 c6 4. d4 exd4 5. Qxd4 Na6 6. Nf3 Bc5 7. Qd1 0-0 8. 0-0 d5 9. cxd5 Nxd5 10. a3 Re8 11. b4 Bb6 12. Qc2 Nac7 13. Bb2 Qe7 14. Nbd2 a5 15. e4 Nf6 16. Nc4 Ba7 17. e5 Nfd5 18. h4 axb4 19. Nd6 Rf8 20. Ng5 g6 21. Nxc8 Rfxc8 22. Ne4 bxa3 23. Rxa3 Nb5 24. Raa1 Nd4 25. Qd1 Nf5 26. Bh3 Rd8 27. Qf3 Nd4 28. Qd1 c5 29. Re1 Qxe5 30. Bg2 Qc7 31. Rc1 Ne6 32. Qg4 c4 33. Red1 Rac8 34. Rxd5 Bxf2+ 35. Kh2 Rxd5 36. Nf6+ Kf8 37. Nxd5 Qd6 38. Rf1 Bc5 1-0